Annual review of the RICS educational trust 2010 (Record no. 115744)
[ view plain ]
| 000 -LEADER | |
|---|---|
| fixed length control field | 02159cam a22002055a 4500 |
| 001 - CONTROL NUMBER | |
| control field | L159216 |
| 008 - FIXED-LENGTH DATA ELEMENTS--GENERAL INFORMATION | |
| fixed length control field | 070404s2010 xxko f 000 0 eng d |
| 035 ## - SYSTEM CONTROL NUMBER | |
| System control number | (Sirsi) u159216 |
| 041 0# - LANGUAGE CODE | |
| Language code of text/sound track or separate title | eng |
| 050 04 - LIBRARY OF CONGRESS CALL NUMBER | |
| Classification number | 333.00711 $2 18 |
| 110 2# - MAIN ENTRY--CORPORATE NAME | |
| Corporate name or jurisdiction name as entry element | Royal Institution of Chartered Surveyors |
| Subordinate unit | Education Trust |
| 9 (RLIN) | 47 |
| 245 00 - TITLE STATEMENT | |
| Title | Annual review of the RICS educational trust 2010 |
| Medium | [electronic resource] |
| 260 ## - PUBLICATION, DISTRIBUTION, ETC. | |
| Place of publication, distribution, etc. | London |
| Name of publisher, distributor, etc. | RICS |
| Date of publication, distribution, etc. | 2010 |
| 505 2# - FORMATTED CONTENTS NOTE | |
| Formatted contents note | Tax Increment Financing: an opportunity for the UK? -- What women want: identifying female home ownership patterns in Australia -- Land tenure and the territorial approach to climate change in Uganda -- Improving the readiness of chartered surveyors in providing flood adaptation advice -- Development of methodology and training package for valuing unregistered urban and rural land and property in East Africa -- BIDs, economic recession and the future of stakeholder-led public realm management -- Why should we use sentiment surveys to pre-empt economic activities? A fresh look at residential and commercial real estate markets -- Land Leverage Dynamics in Property Markets -- Investigation of the linkages between Corporate Social Responsibility (CSR), asset selection and financial performance -- An applied behavioural economics model of owner occupied housing choice -- Sectoral and spatial spill-over effects of infrastructure investment: a case study of Bangalore, India -- Local Empowerment and Strategic Co-ordination: a review of changing practices in infrastructure planning at the sub-regional level in England -- The new waterfront: who benefits? |
| 520 ## - SUMMARY, ETC. | |
| Summary, etc. | Presents summaries of the 18 research projects which received funding totalling £101 260 from the Trust in 2010. In addition to this, they made six travel bursaries to post-graduate students. Also details publications published as a result of this research and lists the individual trustees. |
| 651 #4 - SUBJECT ADDED ENTRY--GEOGRAPHIC NAME | |
| Geographic name | England and Wales |
| Chronological subdivision | 1543- |
| 690 ## - LOCAL SUBJECT ADDED ENTRY--TOPICAL TERM (OCLC, RLIN) | |
| Topical term or geographic name as entry element | CAREERS, EDUCATION AND TRAINING |
| 856 48 - ELECTRONIC LOCATION AND ACCESS | |
| Uniform Resource Identifier | <a href="https://www.rics.org/Global/RICS%20Education%20Trust%202010%20Annual%20Review.pdf">https://www.rics.org/Global/RICS%20Education%20Trust%202010%20Annual%20Review.pdf</a> |
| Public note | View the item free of charge at www.rics.org... |
| 942 ## - ADDED ENTRY ELEMENTS (KOHA) | |
| Suppress in OPAC | 0 |
| Withdrawn status | Lost status | Source of classification or shelving scheme | Damaged status | Not for loan | Home library | Current library | Shelving location | Date acquired | Total Checkouts | Full call number | Barcode | Date last seen | Copy number | Price effective from | Koha item type |
|---|---|---|---|---|---|---|---|---|---|---|---|---|---|---|---|
| Dewey Decimal Classification | Virtual | Virtual | Online | 17/03/2016 | ONLINE PUBLICATION | 159216-2001 | 06/08/2019 | 1 | 06/08/2019 | Book |